Ciudadanía cultural y las identidades vecinales en las metrópolis : Patricia Safa
En este trabajo se enfatiza la complejidad del fenómeno de las organizaciones vecinales. Se sostiene que el problema no es de cantidad sino de comprensión cualitativa sobre los distintas formas de intervención en la arena política. Se propone superar una visión pesimista versus otra optimista, al mo...
Guardat en:
| Autor principal: | |
|---|---|
| Autor corporatiu: | |
| Format: | Text |
| Idioma: | Spanish |
| Publicat: |
Puebla:
Editorial de la Red Nacional de Investigación Urbana
|
| Matèries: | |
| Etiquetes: |
Afegir etiqueta
Sense etiquetes, Sigues el primer a etiquetar aquest registre!
|
MARC
| LEADER | 00000 a a2200000 04500 | ||
|---|---|---|---|
| 001 | 36279 | ||
| 003 | cru CIDCACS/IIS | ||
| 005 | 20170530153333.0 | ||
| 008 | 170530b xxu||||| |||| 00| 0 spa d | ||
| 020 | |a 968-6934-12-X | ||
| 040 | |c CIDCACS/IIS | ||
| 090 | |a 05.02.02 U58c | ||
| 100 | 1 | |9 4937 |a Safa, Patricia | |
| 110 | |a Universidad Autónoma de Puebla | ||
| 245 | |a Ciudadanía cultural y las identidades vecinales en las metrópolis : |c un acercamiento teórico / |b Patricia Safa | ||
| 260 | |a Puebla: |b Editorial de la Red Nacional de Investigación Urbana | ||
| 300 | |a Páginas 155-170 | ||
| 520 | |a En este trabajo se enfatiza la complejidad del fenómeno de las organizaciones vecinales. Se sostiene que el problema no es de cantidad sino de comprensión cualitativa sobre los distintas formas de intervención en la arena política. Se propone superar una visión pesimista versus otra optimista, al mostrar las tensiones y conflictos entre los intereses vecinales locales y los grandes problemas metropolitanos. Se sostiene que toda forma de asociación, como las vecinales, contribuyen a la democracia como lugar de información y socialización, pero también como espacio propositito para la administración pública de la ciudad | ||
| 650 | |a CIUDADES | ||
| 650 | |a IDENTIDAD CULTURAL | ||
| 650 | |a DEMOCRACIA | ||
| 650 | |a CIUDADANIA | ||
| 650 | |a MEXICO | ||
| 942 | |2 ddc |c LI | ||
| 773 | 0 | |0 19414 |9 1024 |a Universidad Autónoma de Puebla |d Puebla: Editorial de la Red Nacional de Investigación Urbana |o 00706 |t Cultura y territorio identidad y modos de vida : |w (cru CIDCACS/IIS)36278 |z 968-6934-12-X | |
| 999 | |c 13268 |d 13268 | ||



